مكتبة جامعة عجلون الوطنية

فهرس بحث المكتبة

Normal view MARC view
  • القانون الدولي المعاصر - القانون الدولي العام

Entry Topical Term

Number of records used in: 1

001 - CONTROL NUMBER

  • control field: 46359

003 - CONTROL NUMBER IDENTIFIER

  • control field: JO-AjAnu

005 - DATE AND TIME OF LATEST TRANSACTION

  • control field: 20230606081648.0

008 - FIXED-LENGTH DATA ELEMENTS

  • fixed length control field: 230606|| aca||aabn | a|a d

040 ## - CATALOGING SOURCE

  • Original cataloging agency: JO-AjAnu
  • Transcribing agency: JO-AjAnu

150 ## - HEADING--TOPICAL TERM

  • Topical term or geographic name entry element: القانون الدولي المعاصر - القانون الدولي العام

670 ## - SOURCE DATA FOUND

  • Source citation: Work cat.: (JO-AjAnu)23728: علوان، عبد الكريم, author 46358, الوسيط في القانون الدولي العام: القانون الدولي المعاصرPublic International= Law، الكتاب الثاني